| 000 | 00495nam a2200193 4500 | ||
|---|---|---|---|
| 999 |
_c4637 _d4637 |
||
| 001 | 1010339 | ||
| 003 | OSt | ||
| 005 | 20181211151253.0 | ||
| 008 | 740806s1974 cau 000 0 eng | ||
| 010 | _a74175983 | ||
| 040 |
_aDLC _cDLC _dm.c. _dCNC |
||
| 082 |
_a248.84 _bG394M |
||
| 100 | 1 | _aGetz, Gene A | |
| 245 | 1 | 4 |
_aThe measure of a man, _cby Gene A. Getz |
| 260 |
_aGlendale, Calif., _bG/L Regal Books _c[1974] |
||
| 300 |
_a219 p. _c18 cm |
||
| 650 | 0 |
_aMen _xReligious life |
|
| 942 |
_2ddc _cBK |
||